LEADER 03027nam 2200649 a 450 001 9910454904903321 005 20200520144314.0 010 $a1-282-27391-4 010 $a9786612273919 010 $a92-9173-817-4 035 $a(CKB)1000000000804058 035 $a(EBL)456300 035 $a(OCoLC)471798605 035 $a(SSID)ssj0000342594 035 $a(PQKBManifestationID)11243292 035 $a(PQKBTitleCode)TC0000342594 035 $a(PQKBWorkID)10285691 035 $a(PQKB)10777233 035 $a(MiAaPQ)EBC456300 035 $a(Au-PeEL)EBL456300 035 $a(CaPaEBR)ebr10333580 035 $a(CaONFJC)MIL227391 035 $a(OCoLC)535923470 035 $a(EXLCZ)991000000000804058 100 $a20091208d2008 uy 0 101 0 $aeng 135 $aur|n|---||||| 181 $ctxt 182 $cc 183 $acr 200 00$aSafe, voluntary, informed male circumcision and comprehensive HIV prevention programming$b[electronic resource] $eguidance for decision-makers on human rights, ethical and legal considerations : June 2007 /$fdeveloped by the UNAIDS secretariat ; with assistance from the AIDS Law Project, South Africa 210 $aGeneva, Switzerland $cWorld Health Organization$dc2008 215 $a1 online resource (40 p.) 300 $a"UNAIDS/08.19E." 311 $a92-9173-680-5 320 $aIncludes bibliographical references (p. 24-29). 327 $aCOPYRIGHT; TITLE; Table of Contents; Introduction; 1. Providing Services for Male Circumcision: Duties of the State; 2. Providing Services for Male Circumcision: Duties of Health Providers; CONCLUSIONS; References; Additional Works Consulted; ANNEX 330 $aThroughout the world HIV prevalence is generally lower in populations that practice male circumcision than in populations where most men are uncircumcised. This has been observed over the years of the epidemic and has been confirmed by three randomized controlled trials concluded in 2005-2006.The results have led to the conclusion that male circumcision is an effective risk-reduction measure for men and should be used in addition to other known strategies for the prevention of heterosexually acquired infection. This book provides guidance to decision makers on human rights, ethical and legal c 606 $aAIDS (Disease)$xPrevention 606 $aHIV infections$xPrevention 606 $aCircumcision 606 $aMedical laws and legislation 608 $aElectronic books. 615 0$aAIDS (Disease)$xPrevention. 615 0$aHIV infections$xPrevention. 615 0$aCircumcision. 615 0$aMedical laws and legislation. 676 $a617.463 712 02$aJoint United Nations Programme on HIV/AIDS. 712 02$aWorld Health Organization. 801 0$bMiAaPQ 801 1$bMiAaPQ 801 2$bMiAaPQ 906 $aBOOK 912 $a9910454904903321 996 $aSafe, voluntary, informed male circumcision and comprehensive HIV prevention programming$92192005 997 $aUNINA LEADER 02155nam 2200649Ia 450 001 9910458002903321 005 20200520144314.0 010 $a0-674-02082-0 035 $a(CKB)1000000000396563 035 $a(dli)HEB00069 035 $a(SSID)ssj0000084488 035 $a(PQKBManifestationID)11123695 035 $a(PQKBTitleCode)TC0000084488 035 $a(PQKBWorkID)10168761 035 $a(PQKB)10241281 035 $a(SSID)ssj0000197592 035 $a(PQKBManifestationID)12042907 035 $a(PQKBTitleCode)TC0000197592 035 $a(PQKBWorkID)10160605 035 $a(PQKB)11749683 035 $a(MiAaPQ)EBC3300728 035 $a(Au-PeEL)EBL3300728 035 $a(CaPaEBR)ebr10331314 035 $a(OCoLC)923117025 035 $a(EXLCZ)991000000000396563 100 $a19980403d1998 uy 0 101 0 $aeng 135 $aurmnummmmuuuu 181 $ctxt 182 $cc 183 $acr 200 10$aMany thousands gone$b[electronic resource] $ethe first two centuries of slavery in North America /$fIra Berlin 210 $aCambridge, MA $cBelknap Press of Harvard University Press$d1998 215 $a1 online resource (x, 497 p. )$cill., maps ; 300 $aBibliographic Level Mode of Issuance: Monograph 311 $a0-674-00211-3 311 $a0-674-81092-9 320 $aIncludes bibliographical references (p. 379-485) and index. 410 0$aACLS Humanities E-Book. 606 $aSlavery$zUnited States$xHistory$y17th century 606 $aSlavery$zUnited States$xHistory$y18th century 606 $aAfrican Americans$xSocial conditions$y17th century 606 $aAfrican Americans$xSocial conditions$y18th century 608 $aElectronic books. 615 0$aSlavery$xHistory 615 0$aSlavery$xHistory 615 0$aAfrican Americans$xSocial conditions 615 0$aAfrican Americans$xSocial conditions 676 $a306.3/62/097309032 700 $aBerlin$b Ira$f1941-$0242294 801 0$bMiAaPQ 801 1$bMiAaPQ 801 2$bMiAaPQ 906 $aBOOK 912 $a9910458002903321 996 $aMany thousands gone$92382686 997 $aUNINA